Normal view MARC view

Entry Topical Term

Number of records used in: 1

001 - CONTROL NUMBER

  • control field: 48564

003 - CONTROL NUMBER IDENTIFIER

  • control field: OSt

005 - DATE AND TIME OF LATEST TRANSACTION

  • control field: 20241105144648.0

008 - FIXED-LENGTH DATA ELEMENTS

  • fixed length control field: 241105|| aca||aabn | a|a d

040 ## - CATALOGING SOURCE

  • Original cataloging agency: OSt
  • Transcribing agency: OSt

150 ## - HEADING--TOPICAL TERM

  • Topical term or geographic name entry element: Employee motivation, employee productivity, Partial medication, Human resource management, Welfare faculties, RMG sector, Post-Covid-19.

670 ## - SOURCE DATA FOUND

  • Source citation: Work cat.: (OSt): Asikullah, F. Chakma, P. Hossain, S.F.A. and Hussain, K. 48563, Evaluating employee motivation and productivity in Bangladesh during the post-pandemic Era

Powered by Koha